Responses for show #4870 - Friday, November 11, 2005

2005 College Championship quarterfinal game 5.
From the RBC Center in Raleigh, North Carolina.

Contestants

Nico Martinez, a junior at Stanford University from Bloomfield Hills, Michigan

Colin Brown, a senior at the University of Rochester from Milwaukie, Oregon

Anna Allie, a junior at the University of Michigan at Dearborn from Dearborn, Michigan

Jeopardy! Round responses

WEBSITES
MOVIE SONGS
MYTH-ELLANY
COUNTRIES NAMED AFTER PEOPLE
REALM OF THE SENSES
SILENT "K"
    $200 26
craigslist

Colin
    $200 11
Shrek

Nico
    $200 1
corn

Nico
    $200 6
Colombia

Colin
    $200 18
decibels

Colin
    $200 12
a knuckle

Nico
    $400 27
Monster.com

Nico
    $400 17
Ron Burgundy

Nico
    $400 2
Egypt

Nico
    $400 7
Bolivia

Colin
    $400 19
taste

Nico
    $400 13
knead

Anna
    $600 28
Myspace

Triple Stumper
    $600 23
(Alex: Obviously you three did not join in for [*].)

"Tiny Dancer"

Triple Stumper
    $600 3
lightning

Colin
    $600 8
Cambodia

Anna
    $600 20
the olfactory bulb

Anna
    $600 14
knickers

Nico
    $800 29
IMDb.com

Colin
    $800 24
Brian Boitano

Anna
    $800 4
the Styx

Nico
    $800 9
Botswana

Colin
    $800 21
pitch

Colin
    $800 15
knell

Anna
    $1000 30
Travelocity

Colin
    $1000 25
(Alex: It's before your time. It was called [*]. You will probably see it on television from time to time.)

Jaws

Triple Stumper
    $1000 5
Pele

Colin
    $1,000 10
Saudi Arabia

Colin
    $1000 22
farsighted

Nico
    $1000 16
a knapsack

Colin

Scores at the first commercial break (after clue 16):

Anna Colin Nico
$1,800 $5,000 $2,400

Scores at the end of the Jeopardy! Round:

Anna Colin Nico
$3,200 $8,000 $4,600

Double Jeopardy! Round responses

RALEIGH PEOPLE
AMAZING SPORTS RECORDS
TECHNOLOGY
GIRLS GONE WILDE
HALF LIFE
STARTS WITH A PAST TENSE VERB
(Alex: The first syllable of each correct response will be the past tense of a verb. For instance, if the response was "haddock", "had" is the past tense.)
    $400 30
Clay Aiken

Nico
    $400 12
UCLA

Nico
    $400 16
the retina

Nico
    $400 1
Queen Victoria

Anna
    $400 6
cocked

Colin
    $400 24
a werewolf

Colin
    $800 19
John Edwards

Nico
    $800 11
Brett Favre

Nico
    $800 17
a stroke

Colin
    $800 2
Dorian Gray

Nico
    $800 7
Africa

Colin
    $800 25
rodents

Nico
    $1200 13
(Nico: Who is Irvin?)
(Colin: Who is Strom Thurmond?)

Jesse Helms

ColinNico
Triple Stumper
    $1200 3
Ty Cobb

Nico
    $1200 18
a prosthesis

Nico
    $1200 21
(Colin: What is The Importance of Being [*]?)
(Alex: It's just [*], is the name we were going for; you gave us the whole title.)

Earnest

Colin
    $1200 8
sumo wrestling

Nico
    $1200 26
wasabi

Colin
    $1600 14
D.W. Griffith

Triple Stumper
    $1600 4
Jerry Rice

Nico
    $2,000 20
(Nico: What is calcium?)

titanium

Nico
    $1600 22
(Colin: Who is Geri Halliwell?)

Julianne Moore

Colin
Triple Stumper
    $1600 9
Japan

Nico
    $1600 27
a didgeridoo

Nico
    $2000 15
Anne Tyler

Triple Stumper
    $2000 5
(Colin: What is groom?)

trainer

Colin
Triple Stumper
    $2000 29
a rib spreader

Nico
    $1,000 23
(Colin: Who is Lady Chatterley?)

Lady Windermere

Colin
    $2000 10
a whole note

Triple Stumper
    $2000 28
a foundry

Colin

Scores at the end of the Double Jeopardy! Round:

Anna Colin Nico
$3,600 $9,000 $16,200

Final Jeopardy! Round responses

20th CENTURY U.S. PRESIDENTS
[Colin had to reveal his response and wager from paper cards, as he had trouble with his "screen readout".]
(Alex: The only president who was also Chief Justice of the Supreme Court of the United States, [*].)
...
(Alex: Come on over here, Nico. And you get a look now at the other players you'll be competing against next week.)
(Beth: Beth Cimini, Boston University.)
(Jayenth: Jayanth Iyengar, Washington University in St. Louis.)
(Peter: Peter Ellis, north carolina state university.)
(Adam: Adam Pinson, University of Alabama - Birmingham.)
(Alex: And the highest scorers among nonwinners:)
(Amanda: Amanda Walker, Gonzaga University.)
(Antonia: Antonia Wang, Purdue University.)
(Ben: Ben Goldman, New York University.)
(Alison: Alison Jenik, University of Maryland.)
(Alex: Those are the nine who get to come back next week to compete for $100,000. Be sure to join us for that. So long, everybody.)
AnnaWho is Clinto
$3,599
ColinWHO is Nixon
$7,000
NicoWho is Nixon?
$1,801
William Howard Taft

Final scores:

Anna Colin Nico
$1 $2,000 $14,399
3rd place: $5,000 if eliminated 2nd place: $5,000 if eliminated Automatic semifinalist

Game dynamics:

Coryat scores:

Anna Colin Nico
$3,600 $10,000 $18,200
6 R,
0 W
19 R
(including 1 DD),
4 W
(including 1 DD)
24 R,
2 W
(including 1 DD)

Combined Coryat: $31,800

The J! Archive is created by fans, for fans. The Jeopardy! game show and all elements thereof, including but not limited to copyright and trademark thereto, are the property of Jeopardy Productions, Inc. and are protected under law. This website is not affiliated with, sponsored by, or operated by Jeopardy Productions, Inc. Join the discussion at JBoard.tv.